How many cities can you name in Liechtenstein. - Statistics

General Stats
  • This quiz has been taken 309 times
  • The average score is 5 of 13
Answer Stats
Population Answer % Correct
5,197 Vaduz
99%
5,748 Schaan
65%
4,701 Triesen
44%
2,689 Triesenberg
39%
4,447 Balzers
38%
4,008 Eschen
30%
3,626 Mauren
30%
377 Planken
30%
1,004 Schellenberg
26%
1,862 Ruggell
24%
1,268 Gamprin
22%
50 Malbun
22%
50 Steg
18%
No matching quizzes found
Score Distribution
Percent of People with Each Score
Percentile by Number Answered
Your Score History
You have not taken this quiz